| 000 | 01486cam a2200397 i 4500 | ||
|---|---|---|---|
| 003 | OSt | ||
| 005 | 20180829192351.0 | ||
| 008 | 180130t20172017enka b 001 0 eng c | ||
| 020 | _a9781785613111 | ||
| 020 | _a1785613111 | ||
| 020 | _z9781785613128 (PDF) | ||
| 040 |
_aNLM _beng _cNLM _erda _dA7U _dBTCTA _dYDX _dBDX _dOCLCF _dOCLCO _dDLC |
||
| 042 | _apcc | ||
| 050 | 0 | 0 |
_aR857.R63 _bX54 2017 |
| 060 | 0 | 0 | _a2017 H-929 |
| 060 | 1 | 0 | _aQT 36.2 |
| 082 | 0 | 0 |
_a610.28 _223 _bSOR |
| 100 | 1 |
_aXie, Shane, _eauthor. _964628 |
|
| 245 | 1 | 0 |
_aSoft robots for healthcare applications : _bdesign, modelling, and control / _cS. Xie, M. Zhang and W. Meng. |
| 300 |
_axiii, 219 pages : _billustrations ; _c24 cm. |
||
| 490 | 1 |
_aHealthcare technologies series ; _v14 |
|
| 504 | _aIncludes bibliographical references and index. | ||
| 650 | 0 |
_aHealth. _964629 |
|
| 650 | 0 |
_aMedical care. _964630 |
|
| 650 | 0 |
_aRobotics in medicine. _964631 |
|
| 650 | 1 | 2 |
_aRobotics. _964632 |
| 650 | 7 |
_aHealth. _2fast _964629 |
|
| 650 | 7 |
_aMedical care. _2fast _964630 |
|
| 650 | 7 |
_aRobotics in medicine. _2fast _964631 |
|
| 700 | 1 |
_aZhang, M. _q(Mingming), _eauthor. _964633 |
|
| 700 | 1 |
_aMeng, Wei, _c(Of University of Auckland. Department of Mechanical Engineering), _eauthor. _964634 |
|
| 710 | 2 |
_aInstitution of Engineering and Technology, _eissuing body. _964393 |
|
| 942 | _cBOOK | ||
| 906 |
_a7 _bcbc _cpccadap _d2 _encip _f20 _gy-gencatlg |
||
| 999 |
_c42698 _d312318 |
||